Peter O'Toole Filmography - Statistics

General Stats
  • This quiz has been taken 40 times
    5 since last reset
  • The average score is 10 of 152
Answer Stats
Type Year Name % Correct
Film 1962 Lawrence of Arabia
100%
Film 2007 Ratatouille
100%
Film 1964 Becket
67%
Film 1970 Country Dance
67%
Film 1966 How to Steal a Million
67%
Film 1965 What's New Pussycat?
67%
Theater 1978 Caligula
33%
Film 1979 Caligula
33%
Film 1969 Goodbye, Mr. Chips
33%
Film 1965 Lord Jim
33%
Theater 1980 Macbeth
33%
Film 1982 My Favorite Year
33%
TV Film 1976 Rogue Male
33%
Film 1984 Supergirl
33%
Film 1966 The Bible: In the Beginning...
33%
Film 1987 The Last Emperor
33%
Film 1968 The Lion in Winter
33%
Film 1967 The Night of the Generals
33%
Film 1990 The Rainbow Thief
33%
Film 1972 The Ruling Class
33%
Film 1980 The Stunt Man
33%
Film 2004 Troy
33%
Film 2006 Venus
33%
Theater 1957-1958 Ali Baba and the Forty Thieves
0%
Theater 1957 A Midsummer Night's Dream
0%
Theater 1958 Amphitryon '38
0%
TV Show 1957 Armchair Theatre
0%
Theater 1963 Baal
0%
TV Show 1958 BBC Sunday-Night Theatre
0%
Film 2003 Bright Young Things
0%
TV Mini-Series 2005 Casanova
0%
Film 1967 Casino Royale
0%
TV Show 1992 Civvies
0%
Film 1986 Club Paradise
0%
TV Mini-Series 1998 Coming Home
0%
Film 1985 Creator
0%
TV Film 1989 Crossing to Freedom
0%
Film 1989 Crystal or Ash, Fire or Wind, as Long as It's Love
0%
Film 2008 Dean Spanley
0%
Film 2014 Decline of an Empire
0%
Film 2015 Diamond Cartel
0%
Theater 1955-1956 Dick Whittington
0%
Film 2010 Eager to Die
0%
Film 2012 Eldorado
0%
Film 1997 FairyTale: A True Story
0%
Film 2012 For Greater Glory
0%
Film 1976 Foxtrot
0%
Film 2002 Global Heresy
0%
Film 2009 God's Spy
0%
Film 1968 Great Catherine
0%
Theater 1956-1957 Great Expectations
0%
TV Mini-Series 1996 Gulliver's Travels
0%
Theater 1957-1958 1963-1964 Hamlet
0%
TV Mini-Series 1994 Heaven & Hell: North & South, Book III
0%
TV Film 1995 Heavy Weather
0%
Film 1988 High Spirits
0%
TV Mini-Series 2003 Hitler: The Rise of Evil
0%
TV Film 2003 Imperium: Augustus
0%
TV Mini-Series 2009 Iron Road
0%
Film 1991 Isabelle Eberhardt
0%
TV Documentary 1983 Is There One Who Understands Me?: The World of James Joyce
0%
TV Show 1967 ITV Play of the Week
0%
Theater 1989-1991, 1999 Jeffrey Bernard Is Unwell
0%
TV Film 1999 Jeffrey Bernard is Unwell
0%
TV Mini-Series 1999 Joan of Arc
0%
Theater 1973-1974 Judgement
0%
Theater 1966 Juno and the Paycock
0%
Film 1959 Kidnapped
0%
TV Film 1984 Kim
0%
Theater 1955-1956 King Lear
0%
Film 1991 King Ralph
0%
Theater 1956-1957 Lamp at Midnight
0%
Film 2005 Lassie
0%
Theater 1957 Look Back in Anger
0%
Theater 1955-1956 Major Barbara
0%
Theater 1957-1958, 1969, 1982 Man and Superman
0%
TV Film 1982 Man and Superman
0%
Film 1975 Man Friday
0%
Film 1972 Man of La Mancha
0%
TV Mini-Series 1981 Masada
0%
Film 1999 Molokai: The Story of Father Damien
0%
Film 1971 Murphy's War
0%
Short Documentary 2005 Mystic India
0%
Theater 1957 Oh! My Papa!
0%
Film 2006 One Night with the King
0%
Theater 1956 Othello
0%
Theater 1992-1993 Our Song
0%
TV Documentary 2012 Peter O'Toole: Live from the TCM Classic Film Festival
0%
Documentary 2021 Peter O'Toole Réalta & Rógaire
0%
Film 1998 Phantoms
0%
Theater 1973 Plunder
0%
Film 1978 Power Play
0%
TV Film 1968 Present Laughter
0%
Theater 1978 Present Laughter
0%
Theater 1957, 1984, 1987 Pygmalion
0%
TV Film 1983 Pygmalion
0%
Film 1992 Rebecca's Daughters
0%
TV Show 1961 Rendezvous
0%
Theater 1965 Ride a Cock Horse
0%
Theater 1957-1958 Romanoff and Juliet
0%
Film 1975 Rosebud
0%
Film 1983 Sherlock Holmes and a Study in Scarlet
0%
TV Film 1983 Sherlock Holmes and the Baskerville Curse
0%
Film 1983 Sherlock Holmes and the Sign of Four
0%
Film 1983 Sherlock Holmes and the Valley of Fear
0%
TV Film 1960 Siwan: The King's Daughter
0%
Theater 1956-1957 Sleeping Beauty
0%
Theater 1957-1958 Sodom and Gomorrah
0%
Film 2007 Stardust
0%
Film 1969 Stiletto
0%
TV Mini-Series 1980 Strumpet City
0%
TV Film 1983 Svengali
0%
TV Show 2000 The 11 O'Clock Show
0%
TV Show 1955 The Adventures of the Scarlet Pimpernel
0%
TV Show 1982 The American Sportsman
0%
Theater 1973-1974, 1986 The Apple Cart
0%
TV Show 1959 Theatre Night
0%
Film 1986 The Blue Lotus
0%
TV Film 1958 The Castiglioni Brothers
0%
Film 1960 The Day They Robbed the Bank of England
0%
TV Show 1963, 1964 The Ed Sullivan Show
0%
TV Show 2002 The Education of Max Bickford
0%
Film 2002 The Final Curtain
0%
Theater 1958 The Holiday
0%
TV Show 1981 The John Davidson Show
0%
Theater 1959 The Long and the Short and the Tall
0%
Film 1999 The Manor
0%
Theater 1959-1960 The Merchant of Venice
0%
Film 1990 The Nutcracker Prince
0%
Theater 1957-1958 The Pier
0%
Theater 1956 The Queen and the Rebels
0%
TV Show 1986 The Ray Bradbury Theater
0%
Theater 1956-1957 The Recruiting Officer
0%
Theater 1956 The Rivals
0%
Film 1965 The Sandpiper
0%
Film 1960 The Savage Innocents
0%
Film 1993 The Seventh Coin
0%
Theater 1955-1956 The Skin of Our Teeth
0%
Theater 1956-1957 The Slave of Truth
0%
Theater 1960 The Taming of the Shrew
0%
TV Show 2008 The Tudors
0%
Film 2008 Thomas Kinkade's Home for Christmas
0%
Theater 1960-1962 Troilus and Cressida
0%
TV Mini-Series 1989 Uncle Silas
0%
Theater 1955-1956, 1973, 1978 Uncle Vanya
0%
Film 1972 Under Milk Wood
0%
Short Film 2007 Vanity Fair: Killers Kill, Dead Men Die
0%
Theater 1955-1956 Volpone
0%
Theater 1957-1958, 1969, 1971 Waiting for Godot
0%
Film 1990 Wings of Fame
0%
Short Film 2001 You Can
0%
Film 1979 Zulu Dawn
0%
No matching quizzes found
Score Distribution
Percent of People with Each Score
Percentile by Number Answered
Your Score History
You have not taken this quiz since the last reset